| Tag |
First Indicator |
Second Indicator |
Subfields |
| LEADER |
00000cam a2200000 a 4500 |
| 001 |
in00000020746 |
| 005 |
20151007055447.0 |
| 008 |
870806s1988 nyua b 00110 eng |
| 010 |
|
|
|a 87022294
|
| 020 |
|
|
|a 0517568128 :
|c $22.50
|
| 035 |
|
|
|a (OCoLC)16522920
|
| 035 |
|
|
|9 AAB8309AM
|
| 040 |
|
|
|a DLC
|c DLC
|d TXA
|d UtOrBLW
|
| 049 |
|
|
|a TXAM
|c [A11645917]
|
| 050 |
0 |
0 |
|a HD9711.75.A2
|b L65 1988
|
| 082 |
0 |
|
|a 332.6/78/0919
|2 19
|
| 100 |
1 |
|
|a Logsdon, Tom,
|d 1937-
|
| 245 |
1 |
0 |
|a Space, Inc. :
|b your guide to investing in space exploration /
|c by Tom Logsdon.
|
| 250 |
|
|
|a 1st ed.
|
| 264 |
|
1 |
|a New York :
|b Crown Publishers,
|c [1988]
|
| 264 |
|
4 |
|c ©1988
|
| 300 |
|
|
|a xi, 256 pages :
|b illustrations ;
|c 25 cm.
|
| 336 |
|
|
|a text
|b txt
|2 rdacontent
|
| 337 |
|
|
|a unmediated
|b n
|2 rdamedia
|
| 338 |
|
|
|a volume
|b nc
|2 rdacarrier
|
| 500 |
|
|
|a On title page "s" in "space" in title proper is dollar sign.
|
| 504 |
|
|
|a Bibliography: pages [239]-248.
|
| 500 |
|
|
|a Includes index.
|
| 650 |
|
0 |
|a Space industrialization.
|
| 740 |
0 |
|
|a Your guide to investing in space exploration.
|
| 999 |
|
|
|a MARS
|
| 999 |
f |
f |
|s edcf5fe5-d95b-32c5-821f-6a47edda2e27
|i 37b12cb6-bc40-3bd4-80b4-2621eed74b7f
|t 0
|
| 952 |
f |
f |
|p normal
|a Texas A&M University
|b College Station
|c Sterling C. Evans Library
|d Evans: Library Stacks
|t 0
|e HD9711.75.A2 L65 1988
|h Library of Congress classification
|i unmediated -- volume
|m A14811645917
|
| 998 |
f |
f |
|a HD9711.75.A2 L65 1988
|t 0
|l Evans: Library Stacks
|